| 000 | 00421cam a22001337a 4500 | ||
|---|---|---|---|
| 008 | 180718b2000 xxu||||| |||| 00| 0 eng d | ||
| 020 | _a8187075538 | ||
| 082 | _aA99 G151/R646 | ||
| 100 | _aRolland, Romain | ||
| 245 |
_aMahatma Gandhi: the man who become one with the universal being _cby Romain Rolland |
||
| 260 |
_aNew Delhi _bSristhi _c2000 |
||
| 300 | _a141p. | ||
| 650 | _aGandhi, M. K. - Criticism and interpretation | ||
| 999 |
_c396948 _d396948 |
||